000 00424nam a2200145 i 4500
001 88485
003 ES-MaACL
007 t|
008 050104s1908 fr ||||1| fre d
100 1 _aLalo, Charles.
_969735
245 1 0 _aEsquisse d'une esthétique musicale scientifique /
_cpar Charles Lalo.
260 _aParís :
_b[s.n.,
_c1908] (
_eBordeaux :
_fY. Cadoret)
300 _a326 p. ;
_c23 cm.
852 _aES-MaACL
_jB-6814
999 _c88485
_d88485